Psychologie im Rechtswesen: Psychologie und psychodiagnostische Fragestellungen bei Gericht
Literaturverzeichnis
| Autor principal: | |
|---|---|
| Tipo de documento: | Print Libro |
| Lenguaje: | Alemán |
| Publicado: |
Weinheim
Dt. Studien-Verl.
1988
|
| En: | Año: 1988 |
| Acceso en línea: |
Índice |
| Disponibilidad en Tübingen: | Disponible en Tübingen. IFK: N VIII 60 |
| Verificar disponibilidad: | HBZ Gateway |
| Servicio de pedido Subito: | Pedir ahora. |
| Palabras clave: |
MARC
| LEADER | 00000cam a2200000 c 4500 | ||
|---|---|---|---|
| 001 | 274556359 | ||
| 003 | DE-627 | ||
| 005 | 20251129023531.0 | ||
| 007 | tu | ||
| 008 | 880518s1988 gw ||||| 00| ||ger c | ||
| 015 | |a 88,N19,0030 |2 dnb | ||
| 015 | |a 88,A35,0178 |2 dnb | ||
| 016 | 7 | |a 880570911 |2 DE-101 | |
| 020 | |a 3892710538 |9 3-89271-053-8 | ||
| 035 | |a (DE-627)274556359 | ||
| 035 | |a (DE-576)014077159 | ||
| 035 | |a (DE-599)GBV274556359 | ||
| 035 | |a (OCoLC)246782808 | ||
| 040 | |a DE-627 |b ger |c DE-627 |e rakwb | ||
| 041 | |a ger | ||
| 044 | |c XA-DE | ||
| 084 | |a R 219 (30) |2 sfb | ||
| 084 | |a R 521 |2 sfb | ||
| 084 | |a 11 |a 19 |2 sdnb | ||
| 084 | |a PH 9020 |2 rvk |0 (DE-625)rvk/136530: | ||
| 084 | |a CW 8000 |2 rvk |0 (DE-625)rvk/19207: | ||
| 100 | 1 | |a Kühne, Adelheid |d 1944- |0 (DE-588)108614476 |0 (DE-627)503815551 |0 (DE-576)161853625 |4 aut | |
| 109 | |a Kühne, Adelheid 1944- | ||
| 245 | 1 | 0 | |a Psychologie im Rechtswesen |b Psychologie und psychodiagnostische Fragestellungen bei Gericht |c Adelheid Kühne |
| 264 | 1 | |a Weinheim |b Dt. Studien-Verl. |c 1988 | |
| 300 | |a 144 S. |b graph. Darst. | ||
| 336 | |a Text |b txt |2 rdacontent | ||
| 337 | |a ohne Hilfsmittel zu benutzen |b n |2 rdamedia | ||
| 338 | |a Band |b nc |2 rdacarrier | ||
| 500 | |a Literaturverz. S. 127 - 137 | ||
| 505 | 8 | |a Literaturverz. S. 127 - 137 | |
| 520 | |a Literaturverzeichnis | ||
| 583 | 1 | |a Archivierung/Langzeitarchivierung gewährleistet |f PEBW |x XA-DE-BW |2 pdager |5 DE-31 | |
| 650 | 0 | 7 | |0 (DE-588)4131534-0 |0 (DE-627)105694398 |0 (DE-576)209628057 |a Gerichtliche Psychologie |2 gnd |
| 650 | 4 | |a Gerichtliche Psychologie | |
| 689 | 0 | 0 | |d s |0 (DE-588)4131534-0 |0 (DE-627)105694398 |0 (DE-576)209628057 |a Gerichtliche Psychologie |2 gnd |
| 689 | 0 | |5 DE-101 | |
| 689 | 1 | 0 | |d s |0 (DE-588)4131534-0 |0 (DE-627)105694398 |0 (DE-576)209628057 |a Gerichtliche Psychologie |2 gnd |
| 689 | 1 | |5 (DE-627) | |
| 856 | 4 | 2 | |u http://www.gbv.de/dms/hebis-darmstadt/toc/6812392.pdf |m V:DE-603 |m B:DE-17 |q pdf/application |x Verlag |y Inhaltsverzeichnis |3 Inhaltsverzeichnis |7 1 |
| 889 | |w (DE-627)024841102 | ||
| 889 | |w (DE-627)024930911 | ||
| 935 | |i mdedup | ||
| 935 | |i Blocktest | ||
| 936 | r | v | |a PH 9020 |b Strafjustiz; Strafverfahren; Rechtsmedizin; Gerichtlicher Sachverständiger; Gerichtliche Psychiatrie; Kriminalpsychiatrie; Gerichtliche Psychologie; Aussagepsychologie |k Rechtswissenschaft |k Strafrecht, Strafverfahrensrecht, Kriminologie |k Kriminologie |k Strafverfahren und Strafvollzug; Empirische Bezugswissenschaften zur Kriminalrechtspflege; Forschung zu strafrechtlicher Sozialkontrolle |k Strafjustiz; Strafverfahren; Rechtsmedizin; Gerichtlicher Sachverständiger; Gerichtliche Psychiatrie; Kriminalpsychiatrie; Gerichtliche Psychologie; Aussagepsychologie |0 (DE-627)1271677156 |0 (DE-625)rvk/136530: |0 (DE-576)201677156 |
| 936 | r | v | |a CW 8000 |b Forensische Psychologie |k Psychologie |k Angewandte Psychologie |k Andere Gebiete der angewandten Psychologie |k Forensische Psychologie |0 (DE-627)1271504383 |0 (DE-625)rvk/19207: |0 (DE-576)201504383 |
| 951 | |a BO | ||
| ELC | |b 1 | ||
| LOK | |0 000 xxxxxcx a22 zn 4500 | ||
| LOK | |0 001 3291216768 | ||
| LOK | |0 003 DE-627 | ||
| LOK | |0 004 274556359 | ||
| LOK | |0 005 20140702143347 | ||
| LOK | |0 008 930211||||||||||||||||ger||||||| | ||
| LOK | |0 040 |a DE-21-110 |c DE-627 |d DE-21-110 | ||
| LOK | |0 689 |a s |a Gerichtsverfahren | ||
| LOK | |0 689 |a s |a Begutachtung | ||
| LOK | |0 689 |a s |a Bedingte Entlassung | ||
| LOK | |0 689 |a s |a Zeugenaussage | ||
| LOK | |0 689 |a s |a Strafrechtsgeschichte | ||
| LOK | |0 852 |a DE-21-110 | ||
| LOK | |0 852 1 |c N VIII 60 |m p |9 00 | ||
| LOK | |0 935 |a k110 | ||
| LOK | |0 936ln |a 8.7.6 | ||
| LOK | |0 938 |k p | ||
| LOK | |0 939 |a 11-02-93 |b l01 | ||
| ORI | |a SA-MARC-krimdoka001.raw | ||
| SIG | |a IFK: N VIII 60 | ||
